Ortografía de la lengua española
Furkejuvvon:
| Searvvušdahkki: | |
|---|---|
| Materiálatiipa: | Girji |
| Giella: | espánnjágiella |
| Almmustuhtton: |
Madrid
Espasa Libros
2010
|
| Fáttát: | |
| Fáddágilkorat: |
Lasit fáddágilkoriid
Eai fáddágilkorat, Lasit vuosttaš fáddágilkora!
|
MARC
| LEADER | 00000cam a2200000 a 4500 | ||
|---|---|---|---|
| 001 | UCG8058 | ||
| 003 | CL-VaPUC | ||
| 008 | 111118e20100000SP |||||||||||||||||spa|d | ||
| 020 | |a 9788467034264 | ||
| 082 | 0 | 4 | |a 461.52 |b REA |2 21 |
| 110 | 2 | |a Real Academia Española |e author |9 558599 | |
| 245 | 1 | 0 | |a Ortografía de la lengua española |
| 300 | |a 743 p | ||
| 942 | |c BK | ||
| 945 | |d 20111118 00:00:00 |a dcastane | ||
| 260 | |a Madrid |b Espasa Libros |c 2010 | ||
| 650 | 0 | |a Idioma español |9 309143 | |
| 650 | 0 | |a Ortografía |9 309144 | |
| 583 | |a last modification |c 20111118 11:09:00 |k Rodrigo Vera | ||
| 999 | |c 345697 |d 345695 | ||
| 952 | |0 0 |1 0 |4 0 |6 461_520000000000000_REA_2010 |7 0 |8 A |9 445478 |a FDOPOS |b FDOPOS |d 2019-11-22 |i 4799968 |o 461.52 REA 2010 |p 4799968 |r 2025-01-22 |w 2019-11-22 |y BK |k DLA | ||
| 952 | |0 0 |1 0 |3 erd |4 0 |6 461_520000000000000_REA_2010 |7 0 |8 A |9 445479 |a BIBGIM |b BIBGIM |i 5166187 |o 461.52 REA 2010 |p 5166187 |r 2025-01-15 |w 2019-11-22 |y BK |z Catalogado en:20150703 |k COM | ||